[Event "Tourn. n8196"]
[Site "www.chess-mail.com"]
[Date "2015.07.20"]
[Round "1"]
[White "Groz"]
[Black "Gambitchess"]
[WhiteElo "1990"]
[BlackElo "1840"]
[Result "0-1"]
[Round "1"]
1.b4 c6
2.Bc1b2 Qd8b6
3.a3 a5
4.c3 axb4
5.axb4 Ra8xa1
6.Bb2xa1 d5
7.g3 Ng8f6
8.Bf1h3 Bc8xh3
9.Ng1xh3 e6
10.O-O Bf8d6
11.Kh1 Nb8d7
12.Qd1a4 O-O
13.d3 c5
14.bxc5 Nd7xc5
15.Qa4c2 { time. }
0-1

[Event "Tourn. n8196"]
[Site "www.chess-mail.com"]
[Date "2015.07.20"]
[Round "1"]
[White "Julianlore"]
[Black "Groz"]
[WhiteElo "1839"]
[BlackElo "1990"]
[Result "1-0"]
[Round "1"]
1.e4 e5
2.Ng1f3 Ng8f6
3.Nf3xe5 Nf6xe4
4.Qd1e2 Qd8e7
5.Qe2xe4 d6
6.d4 dxe5
7.dxe5 Nb8c6
8.Bf1b5 Bc8d7
9.Nb1c3 O-O-O
10.Bc1f4 f6
11.exf6 Qe7xf6
12.O-O-O g5
13.Bf4xc7 Rd8e8
14.Qe4a4 Bf8g7
15.Rd1xd7 Kxd7
16.Rh1d1 Kc8
17.Bb5xc6 Qf6xc6
18.Nc3b5 Qc6a6
19.Nb5d6 Kxc7
20.Nd6xe8 Kc8
21.Qa4d7 { resign }
1-0

[Event "Tourn. n8162"]
[Site "www.chess-mail.com"]
[Date "2015.07.20"]
[Round "1"]
[White "Oliverio"]
[Black "Battlejanson"]
[WhiteElo "1640"]
[BlackElo "1689"]
[Result "1-0"]
[Round "1"]
1.d4 c5
2.Ng1f3 cxd4
3.Nf3xd4 d6
4.e4 Ng8f6
5.Nb1c3 g6
6.f3 Bf8g7
7.Bc1e3 a6
8.Qd1d2 Nb8d7
9.g4 b5
10.h4 h5
11.g5 Nf6h7
12.Nc3d5 Bc8b7
13.f4 e5
14.Nd4f3 exf4
15.Be3xf4 Nd7c5
16.O-O-O O-O
17.Bf1d3 Ra8c8
18.b3 Bb7xd5
19.exd5 Nc5xd3
20.Qd2xd3 Bg7c3
21.Kb1 Qd8c7
22.Nf3d2 Rf8d8
23.Nd2e4 Bc3g7
24.Rh1h2 b4
25.Rh2e2 Qc7b6
26.Qd3g3 a5
27.Bf4xd6 Qb6b5
28.Re2d2 a4
29.Bd6e7 axb3
30.cxb3 Qb5a5
31.Be7xd8 Rc8xd8
32.Qg3f4 Qa5b6
33.d6 Qb6a5
34.Rd1f1 Rd8d7
35.Ne4f6 Nh7xf6
36.gxf6 Bg7f8
37.Rf1e1 Qa5d8
38.Re1e7 Kh7
39.Qf4c4 { resign }
1-0

[Event "Tourn. n8148"]
[Site "www.chess-mail.com"]
[Date "2015.07.20"]
[Round "1"]
[White "Anja"]
[Black "Spitzer"]
[WhiteElo "1680"]
[BlackElo "1590"]
[Result "0-1"]
[Round "1"]
1.d4 Ng8f6
2.Ng1f3 d5
3.Bc1f4 Nb8c6
4.e3 e6
5.Bf1d3 Bf8d6
6.Bf4g3 O-O
7.Nb1d2 Qd8e7
8.O-O e5
9.dxe5 Nc6xe5
10.Nf3xe5 Bd6xe5
11.Bg3xe5 Qe7xe5
12.c3 c5
13.Nd2f3 Qe5c7
14.Qd1c2 Bc8g4
15.Nf3g5 c4
16.Bd3xh7 Kh8
17.Bh7f5 Bg4h5
18.h3 g6
19.g4 gxf5
20.gxh5 Nf6e4
21.Ng5xe4 fxe4
22.Kh1 Rf8g8
23.Rf1g1 Qc7d7
24.Kh2 Qd7d6
25.Rg1g3 b5
26.Ra1g1 Rg8g5
27.Kh1 Rg5xh5
28.Rg1d1 Ra8g8
29.Qc2xe4 dxe4
30.Rd1xd6 Rg8xg3
31.fxg3 Rh5xh3
32.Kg2 Rh3h7
 { time }
0-1

[Event "Tourn. n8019"]
[Site "www.chess-mail.com"]
[Date "2015.07.20"]
[Round "1"]
[White "Samael"]
[Black "Colchester"]
[WhiteElo "2090"]
[BlackElo "1800"]
[Result "1-0"]
[Round "1"]
1.e4 c6
2.Ng1f3 d5
3.exd5 cxd5
4.d4 Ng8f6
5.Nb1c3 a6
6.Bf1e2 g6
7.Bc1e3 Bf8g7
8.O-O O-O
9.h3 b5
10.a3 Bc8b7
11.Nf3h2 Nb8d7
12.Be2f3 Nd7b6
13.Bf3e2 Nb6c4
14.Be2xc4 bxc4
15.Nh2g4 Nf6xg4
16.Qd1xg4 e6
17.Nc3e2 Bb7c6
18.c3 Ra8b8
19.Ra1b1 Rb8b3
20.Ne2c1 Rb3b7
21.Be3f4 Rf8e8
22.Rf1e1 h5
23.Qg4g3 Bc6a4
24.Re1e2 Qd8d7
25.Re2d2 Ba4c6
26.Nc1e2 Rb7b3
27.Ne2c1 Rb3b7
28.Bf4e5 Bg7xe5
29.Qg3xe5 Qd7c7
30.Qe5xc7 Rb7xc7
31.b4 Re8b8
32.Rd2b2 Kg7
33.Kf1 Bc6a4
34.Ke1 Rc7b7
35.Kd2 Rb8c8
36.Nc1e2 Ba4d7
37.f4 f6
38.Rb1g1 a5
39.Rb2b1 Rc8b8
40.Rb1f1 Kf7
41.Rf1f2 Bd7c6
42.Rg1f1 Ke7
43.g4 hxg4
44.hxg4 Rb8h8
{ time. }
1-0

[Event "Tourn. n8289"]
[Site "www.chess-mail.com"]
[Date "2015.07.20"]
[Round "1"]
[White "Cccp"]
[Black "A27l"]
[WhiteElo "1150"]
[BlackElo "1130"]
[Result "0-1"]
[Round "1"]
1.e4 e5
2.Ng1f3 d6
3.Bf1c4 h6
4.c3 Ng8f6
5.d3 Bf8e7
6.O-O O-O
7.Bc1e3 Bc8e6
 { time }
0-1

[Event "Tourn. n8297"]
[Site "www.chess-mail.com"]
[Date "2015.07.20"]
[Round "1"]
[White "Bojan"]
[Black "Picifarkinca"]
[WhiteElo "1890"]
[BlackElo "1820"]
[Result "0-1"]
[Round "1"]
1.e4 c6
2.d4 d5
3.Nb1c3 dxe4
4.Nc3xe4 Nb8d7
5.Ng1f3 Ng8f6
6.Ne4xf6 Nd7xf6
7.c3 e6
8.Bf1d3 Bf8d6
9.Bc1g5 h6
10.Bg5h4 g5
11.Nf3xg5 hxg5
12.Bh4g3 Qd8c7
13.Qd1f3 Bd6f4
14.Ke2 e5
15.Bg3xf4 exf4
16.g3 Bc8g4
17.Ra1e1 Bg4xf3
18.Kxf3 Kf8
19.g4 Rh8h3
20.Ke2 Ra8e8
{ resign }
0-1

[Event "Tourn. n8270"]
[Site "www.chess-mail.com"]
[Date "2015.07.20"]
[Round "1"]
[White "Imkrebsgang"]
[Black "Gene4267"]
[WhiteElo "1890"]
[BlackElo "2070"]
[Result "0-1"]
[Round "1"]
1.d4 Ng8f6
2.Ng1f3 g6
3.b3 Bf8g7
4.Bc1b2 O-O
5.d5 c6
6.e4 Nf6xe4
7.Bb2xg7 Kxg7
8.Qd1d4 Ne4f6
9.Nb1c3 cxd5
10.Nc3xd5 Qd8a5
11.c3 Nb8c6
12.b4 Nc6xd4
13.bxa5 Nd4c2
14.Kd2 Nc2xa1
15.Nd5xe7 Rf8e8
16.Ne7xc8 Nf6e4
17.Kd3 Ra8xc8
18.c4 Ne4xf2
{ resign }
0-1

[Event "Tourn. n8307"]
[Site "www.chess-mail.com"]
[Date "2015.07.20"]
[Round "1"]
[White "Picifarkinca"]
[Black "Mitja"]
[WhiteElo "1820"]
[BlackElo "1660"]
[Result "1-0"]
[Round "1"]
1.e4 d5
2.d4 dxe4
3.Nb1c3 e6
4.Nc3xe4 c6
5.c4 Ng8f6
6.Bc1g5 Bf8e7
7.Ne4xf6 Be7xf6
8.Bg5xf6 Qd8xf6
9.Ng1f3 Nb8d7
10.Bf1e2 O-O
11.O-O Nd7b6
12.Qd1d2 Bc8d7
13.a4 Ra8d8
14.Rf1d1 Bd7c8
15.Qd2c3 Nb6a8
16.Qc3a5 a6
17.Qa5e5 Qf6xe5
18.Nf3xe5 Na8c7
19.b4 f6
20.Ne5g4 e5
21.dxe5 Bc8xg4
22.Be2xg4 fxe5
23.Rd1xd8 Rf8xd8
24.Ra1d1 Nc7e6
25.Bg4xe6 { resign }
1-0

[Event "Tourn. n8297"]
[Site "www.chess-mail.com"]
[Date "2015.07.20"]
[Round "1"]
[White "Picifarkinca"]
[Black "Mitja"]
[WhiteElo "1820"]
[BlackElo "1660"]
[Result "0-1"]
[Round "1"]
1.Ng1f3 d5
2.b3 e6
3.Bc1b2 Ng8f6
4.d3 c6
5.g3 Qd8b6
6.Bf1g2 Nf6g4
7.O-O Nb8d7
8.Nb1d2 f6
9.c4 dxc4
10.Nd2xc4 Qb6c7
11.h3 Ng4h6
12.a4 Nd7b6
13.Nc4e3 Bf8e7
14.a5 Nb6d5
15.Ne3c4 O-O
16.e4 Nd5b4
17.d4 b5
18.Nc4e3 Nh6f7
19.Qd1e2 a6
20.Rf1c1 Bc8b7
21.Nf3e1 Ra8c8
22.Ne1d3 Nb4xd3
23.Qe2xd3 Qc7d8
24.Bb2a3 Be7xa3
25.Ra1xa3 Qd8e7
26.Rc1c5 e5
27.b4 Rf8d8
28.Ne3c2 Bb7a8
29.Ra3c3 exd4
30.Rc3a3 Nf7e5
31.Qd3b3 Ne5c4
32.Ra3a1 Kf8
33.Ra1d1 Nc4xa5
34.Qb3a2 Na5c4
35.Rc5xc4 bxc4
36.Qa2xc4 d3
37.Rd1xd3 Rd8xd3
38.Qc4xd3 Ba8b7
39.f4 Rc8d8
40.Qd3c4 Qe7d6
41.Nc2e3 Qd6d4
42.Kf2 Qd4d2
43.Kf3 Qd2d4
{ resign }
0-1

[Event "Tourn. n8236"]
[Site "www.chess-mail.com"]
[Date "2015.07.20"]
[Round "1"]
[White "Oliverio"]
[Black "Anja"]
[WhiteElo "1770"]
[BlackElo "1810"]
[Result "0-1"]
[Round "1"]
1.d4 f5
2.g3 Ng8f6
3.Bf1g2 g6
4.Ng1f3 Bf8g7
5.O-O d6
6.c4 O-O
7.Nb1c3 Nb8c6
8.Bc1g5 a6
9.Ra1c1 Bc8d7
 { time }
0-1

[Event "Tourn. n8258"]
[Site "www.chess-mail.com"]
[Date "2015.07.20"]
[Round "1"]
[White "Julian"]
[Black "Derfel83"]
[WhiteElo "1920"]
[BlackElo "1890"]
[Result "1-0"]
[Round "1"]
1.e4 e6
2.d4 d5
3.e5 c5
4.c3 Nb8c6
5.Ng1f3 Qd8b6
6.Nb1a3 a6
7.Na3c2 g6
8.h4 h5
9.Bf1e2 Bf8h6
10.Bc1xh6 Ng8xh6
11.Qd1c1 cxd4
12.cxd4 Nh6f5
13.O-O Bc8d7
14.a3 Ra8c8
15.Rf1d1 Nf5xh4
16.Nf3xh4 Nc6xd4
17.Rd1xd4 Rc8xc2
18.Qc1xc2 Qb6xd4
19.Nh4xg6 Bd7a4
20.Qc2c8 
1-0

[Event "Tourn. n8126"]
[Site "www.chess-mail.com"]
[Date "2015.07.20"]
[Round "1"]
[White "Cardiff"]
[Black "Attatroll"]
[WhiteElo "1960"]
[BlackElo "1960"]
[Result "0-1"]
[Round "1"]
1.Ng1f3 d5
2.g3 c5
3.d4 cxd4
4.Nf3xd4 e5
5.Nd4f3 Nb8c6
6.Bf1g2 Bc8e6
7.O-O Ng8f6
8.c3 h6
9.Nb1d2 Bf8d6
10.Rf1e1 O-O
11.Nd2b3 Qd8c7
12.Bc1e3 Nf6g4
13.Be3d2 Ra8d8
14.h3 Ng4f6
15.Ra1c1 Nf6e4
16.Bd2e3 b6
17.Qd1c2 Be6f5
18.Qc2d1 Ne4xf2
19.Be3xf2 e4
20.Nf3d4 Bf5d7
21.Nd4xc6 Bd7xc6
22.Nb3d4 Bc6b7
23.Nd4b5 Qc7c6
24.Nb5xd6 Qc6xd6
25.Qd1b3 e3
26.Bf2xe3 Qd6xg3
27.Be3f2 Qg3e5
28.Bf2d4 Qe5g5
29.Rc1d1 Rf8e8
30.e3 Re8e6
31.Kh1 Rd8e8
32.Re1g1 Qg5g3
33.Qb3c2 Re6xe3
34.Bd4xe3 Re8xe3
35.Rd1d4 Re3f3
36.Rd4g4 Qg3f2
37.Qc2xf2 Rf3xf2
38.Bg2f1 d4
39.Bf1g2 Bb7c8
40.Rg4g3 h5
41.cxd4 Rf2xb2
42.Bg2d5 Rb2f2
43.Rg3xg7 Kh8
44.Rg7g8 Kh7
45.Rg1g7 Kh6
46.Rg7xf7 Rf2d2
47.Rg8xc8 Rd2xd4
48.Rf7f6 { time. }
0-1

[Event "Tourn. n8146"]
[Site "www.chess-mail.com"]
[Date "2015.07.20"]
[Round "1"]
[White "Vite"]
[Black "Guidom"]
[WhiteElo "1980"]
[BlackElo "2080"]
[Result "0-1"]
[Round "1"]
1.e4 e5
2.Ng1f3 Nb8c6
3.Bf1b5 a6
4.Bb5a4 Ng8f6
5.O-O d6
6.c3 Bc8d7
7.Rf1e1 Bf8e7
8.d4 exd4
9.cxd4 b5
10.Ba4b3 O-O
11.Nb1c3 Bd7g4
12.Bc1e3 Nc6a5
13.Bb3c2 c5
14.h3 Bg4h5
15.Ra1c1 Na5c4
16.b3 Nc4xe3
17.Re1xe3 cxd4
18.e5 dxe3
19.exf6 exf2
20.Kxf2 Be7xf6
21.Qd1d3 Bh5g6
22.Qd3d2 Qd8b6
23.Kf1 Bg6xc2
24.Rc1xc2 Bf6xc3
25.Rc2xc3 Ra8c8
26.Rc3d3 Rf8d8
27.Nf3g5 Qb6c5
28.Rd3d5 Qc5c1
29.Qd2xc1 Rc8xc1
30.Ke2 Rc1c2
31.Rd5d2 Rc2xd2
32.Kxd2 h6
33.Ng5f3 Kf8
34.Kd3 Ke7
35.Kd4 Ke6
36.g3 f5
37.Nf3h4 g5
38.Nh4f3 Rd8c8
39.Kd3 Kd5
40.Nf3d4 Rc8f8
{ resign }
0-1

[Event "Tourn. n8151"]
[Site "www.chess-mail.com"]
[Date "2015.07.20"]
[Round "1"]
[White "Roqueur"]
[Black "Korto"]
[WhiteElo "2600"]
[BlackElo "2450"]
[Result "1-0"]
[Round "1"]
1.e4 c5
2.Ng1f3 d6
3.d4 cxd4
4.Nf3xd4 Ng8f6
5.Nb1c3 a6
6.Bc1g5 e5
7.Nd4f5 Nb8c6
8.Bf1e2 Bc8xf5
9.Bg5xf6 Qd8xf6
10.Nc3d5 Qf6d8
11.exf5 Bf8e7
12.c3 O-O
13.Qd1d3 Ra8c8
14.Ra1d1 Qd8a5
15.O-O Be7g5
16.f6 Bg5xf6
17.Nd5xf6 gxf6
18.Qd3g3 Kh8
19.Rd1xd6 Rc8d8
20.Rd6xf6 Qa5c7
21.Qg3h3 Qc7e7
22.Qh3f5 Kg7
23.Qf5g5 Kh8
24.Qg5h6 a5
25.Be2d1 Rf8g8
26.Bd1c2 Rg8g7
27.g3 Nc6b8
28.Rf1e1 Rd8d5
29.Bc2b3 Nb8d7
30.Bb3xd5 Nd7xf6
31.Bd5b3 Rg7g6
32.Qh6e3 e4
33.Qe3d4 Rg6g5
34.f3 Kg8
35.fxe4 Rg5e5
36.Re1f1 Kg7
37.Bb3d5 Nf6xd5
38.exd5 Qe7d6
39.Rf1f5 f6
40.Qd4g4 Kf7
41.Qg4h5 Kg7
42.Rf5xe5 fxe5
43.c4 b5
44.Qh5g4 Kf6
45.b3 bxc4
46.Qg4xc4 Ke7
47.Kg2 Qd6a3
48.Qc4c7 Kf6
49.Qc7c6 Kg5
50.h4 Kf5
51.Qc6e6 Ke4
52.d6 Qa3xa2
53.Kh3 Qa2f2
54.Qe6c4 { resign }
1-0

[Event "Tourn. n8215"]
[Site "www.chess-mail.com"]
[Date "2015.07.20"]
[Round "1"]
[White "Anja"]
[Black "Pariolinius"]
[WhiteElo "1750"]
[BlackElo "1770"]
[Result "0-1"]
[Round "1"]
1.d4 d5
2.Ng1f3 Ng8f6
3.Bc1f4 e6
4.e3 c5
5.c4 Nb8c6
6.Bf1e2 Bf8e7
7.O-O O-O
8.Nb1c3 a6
9.a3 Bc8d7
10.cxd5 Nf6xd5
11.Nc3xd5 exd5
12.dxc5 Be7xc5
13.Qd1b3 b5
14.Ra1c1 Bc5b6
15.Qb3xd5 Ra8c8
16.Rf1d1 Bd7e6
17.Qd5e4 Qd8e8
18.Bf4d6 Nc6e7
19.Nf3g5 g6
20.Ng5xe6 fxe6
21.Qe4xe6 Qe8f7
22.Be2g4 Rf8e8
 { time }
0-1

[Event "Tourn. n8157"]
[Site "www.chess-mail.com"]
[Date "2015.07.20"]
[Round "1"]
[White "Karousek"]
[Black "Wrightdjohn"]
[WhiteElo "2280"]
[BlackElo "2160"]
[Result "1-0"]
[Round "1"]
1.Ng1f3 c5
2.c4 Ng8f6
3.d4 cxd4
4.Nf3xd4 e5
5.Nd4b5 d5
6.cxd5 Bf8c5
7.Nb5c3 O-O
8.g3 Qd8b6
9.e3 Bc8f5
10.Bf1e2 Bf5h3
11.g4 Bh3g2
12.Rh1g1 Bg2e4
13.g5 Be4xb1
14.gxf6 Bb1g6
15.fxg7 Kxg7
16.h4 Kh8
17.h5 Bg6f5
18.Be2d3 Bf5xd3
19.Qd1xd3 Nb8d7
20.Bc1d2 Rf8g8
21.O-O-O a5
22.Qd3f5 Qb6c7
23.Nc3b5 Qc7c8
24.Kb1 { resign }
1-0

[Event "Tourn. n8221"]
[Site "www.chess-mail.com"]
[Date "2015.07.20"]
[Round "1"]
[White "Biagio"]
[Black "Eusegon"]
[WhiteElo "2040"]
[BlackElo "2050"]
[Result "1-0"]
[Round "1"]
1.e4 d6
2.d4 Ng8f6
3.Nb1c3 Nb8d7
4.Ng1f3 e5
5.Bf1c4 Bf8e7
6.O-O O-O
7.Rf1e1 c6
8.a4 Qd8c7
9.h3 Rf8e8
10.Bc1e3 Nd7f8
11.Nf3g5 d5
12.exd5 Nf6xd5
13.Bc4xd5 Be7xg5
14.Bd5xf7 Qc7xf7
15.Be3xg5 exd4
16.Qd1xd4 Bc8f5
17.Nc3e4 Nf8e6
18.Qd4d2 Ne6xg5
19.Ne4xg5 Qf7g6
20.c3 h6
21.Ng5f3 Bf5xh3
22.g3 Ra8d8
23.Qd2f4 Bh3e6
24.Nf3d4 Be6d5
{ time. }
1-0

[Event "Tourn. n8306"]
[Site "www.chess-mail.com"]
[Date "2015.07.20"]
[Round "1"]
[White "Libiesse"]
[Black "Bojan"]
[WhiteElo "2020"]
[BlackElo "1890"]
[Result "1-0"]
[Round "1"]
1.d4 g6
2.c4 d5
3.Nb1c3 dxc4
4.Bc1f4 c6
5.e3 b5
6.a3 Bc8e6
7.Ng1f3 f6
8.Bf1e2 Nb8d7
9.a4 b4
10.Nc3a2 Qd8a5
11.O-O Nd7b6
12.Qd1d2 c3
13.bxc3 bxc3
14.Na2xc3 Ra8c8
15.Nc3e4 Qa5d5
16.Ne4c5 Be6f5
17.Be2a6 Rc8c7
18.Bf4xc7 Nb6c4
19.Ba6xc4 Qd5xc4
20.Rf1c1 Qc4d5
21.Bc7b8 Bf5g4
22.e4 Qd5d8
23.Bb8f4 Bg4xf3
24.gxf3 Kf7
25.Qd2c3 e6
26.Nc5xe6 Kxe6
27.Qc3xc6 Kf7
28.Qc6b7 Bf8e7
29.d5 g5
30.Rc1c8 Qd8a5
31.Bf4e3 h5
32.Qb7xa7 Qa5b4
33.a5 Rh8h7
34.Qa7b8 Ng8h6
35.Qb8xb4 Be7xb4
36.Rc8c7 Kg6
37.Rc7xh7 Kxh7
38.a6 { resign }
1-0

[Event "Tourn. n8258"]
[Site "www.chess-mail.com"]
[Date "2015.07.20"]
[Round "1"]
[White "Pellix84"]
[Black "Derfel83"]
[WhiteElo "1930"]
[BlackElo "1890"]
[Result "1-0"]
[Round "1"]
1.Ng1f3 b6
2.g3 d5
3.c4 Ng8f6
4.Bf1g2 Bc8b7
5.cxd5 Bb7xd5
6.Nb1c3 Bd5c6
7.e4 e6
8.d4 Bf8b4
9.Bc1g5 Bc6xe4
10.Qd1a4 Nb8c6
11.O-O O-O
12.Nc3xe4 Nc6xd4
13.Qa4xb4 Nd4xf3
14.Bg2xf3 { resign }
1-0

[Event "Tourn. n8103"]
[Site "www.chess-mail.com"]
[Date "2015.07.20"]
[Round "1"]
[White "Comrade"]
[Black "Maredocla"]
[WhiteElo "2210"]
[BlackElo "2040"]
[Result "1-0"]
[Round "1"]
1.c4 e5
2.Nb1c3 Nb8c6
3.g3 Bf8b4
4.Bf1g2 Ng8f6
5.Ng1f3 d6
6.d4 Nf6e4
7.Bc1d2 Bc8f5
8.Nc3xe4 Bb4xd2
9.Ne4xd2 Ra8b8
10.d5 Nc6e7
11.Nf3h4 Qd8d7
12.Nh4xf5 Qd7xf5
13.O-O O-O
14.Bg2e4 Qf5g4
15.Be4f3 Qg4d7
16.Nd2e4 f5
17.Ne4g5 c6
18.Ng5e6 Rf8f6
19.e4 fxe4
20.Bf3xe4 c5
21.Qd1d3 Rf6h6
22.f4 Ne7g6
23.f5 Ng6f8
24.Ra1d1 b5
25.b3 b4
26.g4 Qd7e7
27.Rd1d2 Qe7h4
28.Rd2g2 Rh6f6
29.Rg2g3 Nf8xe6
30.dxe6 Rf6h6
31.Rf1f2 Qh4e7
32.g5 Rh6h4
33.f6 Qe7c7
34.Be4d5 Kh8
35.fxg7 Kxg7
36.Rf2f7 { resign }
1-0

[Event "Tourn. n8184"]
[Site "www.chess-mail.com"]
[Date "2015.07.20"]
[Round "1"]
[White "Jasonbarlow7"]
[Black "Abuelo"]
[WhiteElo "1919"]
[BlackElo "2080"]
[Result "0-1"]
[Round "1"]
1.Ng1f3 Nb8c6
2.g3 d6
3.Bf1g2 e5
4.e4 Qd8f6
5.O-O Bc8g4
6.d3 Nc6d4
7.Nb1d2 Bg4xf3
8.Nd2xf3 Nd4xf3
9.Bg2xf3 Bf8e7
10.c3 O-O-O
11.a4 h5
12.a5 a6
13.Bf3xh5 g6
14.Bh5g4 Kb8
 { time }
0-1

[Event "Tourn. n8213"]
[Site "www.chess-mail.com"]
[Date "2015.07.20"]
[Round "1"]
[White "Szustan"]
[Black "Woodpusher2"]
[WhiteElo "2620"]
[BlackElo "2620"]
[Result "1-0"]
[Round "1"]
1.e4 e6
2.d4 d5
3.e5 c5
4.c3 Nb8c6
5.Ng1f3 Qd8b6
6.a3 c4
7.Nb1d2 Nc6a5
8.Bf1e2 Bc8d7
9.O-O Ng8e7
10.g3 Ne7f5
11.Ra1b1 Bf8e7
12.g4 Nf5h4
13.Nf3xh4 Be7xh4
14.g5 h6
15.gxh6 gxh6
16.Be2h5 O-O-O
17.Nd2f3 Bh4e7
18.Qd1d2 Rd8g8
19.Kh1 Bd7e8
20.Qd2e2 Be7xa3
21.Bc1f4 Ba3f8
22.Rf1g1 Rg8xg1
23.Rb1xg1 Qb6d8
24.Nf3d2 Na5c6
25.Bf4g3 Rh8h7
26.Rg1a1 Rh7g7
27.Nd2f1 Nc6a5
28.f4 Na5b3
29.Ra1d1 Rg7g8
30.Nf1e3 a5
31.Ne3g4 Bf8e7
32.f5 Be7g5
33.Qe2f2 Rg8g7
34.h4 exf5
35.Qf2xf5 Qd8d7
36.e6 Qd7xe6
37.Qf5e5 Qe6xe5
38.Bg3xe5 f6
39.Bh5xe8 fxe5
40.hxg5 Kd8
41.Ng4f6 Rg7xg5
42.dxe5 Rg5xe5
43.Be8b5 Nb3c5
44.Nf6xd5 Re5h5
45.Kg1 Rh5g5
46.Kh2 Nc5d3
47.Rd1d2 Nd3e1
48.Kh3 Ne1f3
49.Rd2d1  { time }
1-0

[Event "Tourn. n8153"]
[Site "www.chess-mail.com"]
[Date "2015.07.20"]
[Round "1"]
[White "Towerbridge"]
[Black "Drdoom"]
[WhiteElo "1770"]
[BlackElo "1720"]
[Result "0-1"]
[Round "1"]
1.d4 d5
2.Bc1f4 Nb8c6
3.e3 a6
4.Bf1d3 e6
5.Ng1f3 h6
6.O-O Bf8d6
7.Bf4xd6 Qd8xd6
8.c3 b5
9.Nb1d2 Ng8f6
10.a4 Ra8b8
11.axb5 axb5
12.Nd2b3 O-O
13.Qd1e2 Bc8d7
14.Nb3c5 Bd7c8
15.Bd3xb5 Rf8e8
16.Rf1d1 Nf6g4
17.h3 Ng4f6
18.Bb5xc6 Qd6xc6
19.b4 { time. }
0-1

[Event "Tourn. n8228"]
[Site "www.chess-mail.com"]
[Date "2015.07.20"]
[Round "1"]
[White "Mitja"]
[Black "Swampcat"]
[WhiteElo "1610"]
[BlackElo "1640"]
[Result "1-0"]
[Round "1"]
1.d4 d5
2.e3 e6
3.Ng1f3 Bf8b4
4.c3 Bb4a5
5.Nb1d2 Ng8f6
6.Nd2b3 Nb8c6
7.Nb3xa5 Nc6xa5
8.b4 Na5c4
9.Bf1xc4 dxc4
10.Nf3e5 Qd8d5
11.a3 Qd5xg2
12.Ke2 Nf6e4
13.Qd1e1 Ne4xc3
14.Qe1xc3 Qg2xh1
15.Qc3xc4 c6
16.Bc1b2 Qh1xh2
17.Ne5xc6 Qh2c7
18.Nc6e5 Qc7xc4
19.Ne5xc4 Ke7
20.Kd3 h5
21.Nc4e5 g5
22.f3 h4
23.Ra1g1 f5
24.Ne5g6 Kf6
25.Ng6xh8 Bc8d7
26.d5 e5
27.f4 g4
28.Bb2xe5  { time }
1-0

[Event "Tourn. n8228"]
[Site "www.chess-mail.com"]
[Date "2015.07.20"]
[Round "1"]
[White "Pablincho"]
[Black "Mitja"]
[WhiteElo "1650"]
[BlackElo "1610"]
[Result "1-0"]
[Round "1"]
1.e4 d5
2.exd5 Qd8xd5
3.Nb1c3 Qd5d8
4.Ng1f3 e6
5.Bf1c4 c6
6.O-O Ng8f6
7.d4 Nb8d7
8.Rf1e1 Nd7b6
9.Bc4e2 h6
10.Bc1f4 Nf6d5
11.Nc3xd5 Nb6xd5
12.Bf4g3 Bf8e7
13.c4 Nd5f6
14.Qd1c2 O-O
15.Nf3e5 Nf6d7
16.a3 Nd7xe5
17.dxe5 b6
18.b4 Bc8b7
19.Be2f3 Ra8b8
20.Ra1d1 Qd8c7
21.Bf3h5 Rb8d8
22.Re1e3 Rd8xd1
23.Qc2xd1 Rf8d8
24.Qd1f3 g6
25.Bh5g4 h5
26.Bg4xh5 gxh5
27.Qf3xh5 Kf8
28.Qh5h8 { resign }
1-0

[Event "Tourn. n8218"]
[Site "www.chess-mail.com"]
[Date "2015.07.20"]
[Round "1"]
[White "Ffdd65"]
[Black "Julianlore"]
[WhiteElo "2150"]
[BlackElo "2029"]
[Result "0-1"]
[Round "1"]
1.e4 c5
2.Ng1f3 d6
3.Bf1e2 Ng8f6
4.d3 g6
5.b3 Bf8g7
6.Bc1b2 Nb8c6
7.Nb1d2 O-O
8.O-O e5
9.c4 a6
10.a4 Bc8d7
11.Bb2c3 Qd8c7
12.h3 Nf6h5
13.Nf3h2 Nh5f4
14.Nd2f3 f5
15.Bc3d2 Ra8e8
16.Bd2e3 Nc6b4
17.Rf1e1 Bd7c6
18.Qd1b1 Nf4xe2
19.Re1xe2 Nb4xd3
20.exf5 gxf5
21.Ra1a2 Nd3b4
22.Ra2a3 e4
23.Nf3e1 f4
24.Be3d2 f3
25.gxf3 Qc7f7
26.Bd2xb4 cxb4
27.Ra3a2 exf3
28.Re2xe8 Rf8xe8
29.Qb1d1 Qf7g6
30.Kf1 Qg6h5
31.Ne1xf3 Qh5xh3
32.Kg1 Re8e6
33.Kh1 Bc6xf3
{ resign }
0-1

[Event "Tourn. n8012"]
[Site "www.chess-mail.com"]
[Date "2015.07.20"]
[Round "1"]
[White "Samael"]
[Black "Falcoale"]
[WhiteElo "2090"]
[BlackElo "1880"]
[Result "1-0"]
[Round "1"]
1.e4 c5
2.Ng1f3 Nb8c6
3.Nb1c3 e6
4.d3 b6
5.Bc1e3 Bc8b7
6.Bf1e2 d5
7.exd5 exd5
8.Be3d2 Ng8f6
9.a3 d4
10.Nc3e4 Bf8e7
11.Ne4xf6 Be7xf6
12.O-O O-O
13.Rf1e1 Qd8c7
14.h3 Nc6e7
15.Qd1c1 Rf8e8
16.Bd2g5 Bf6xg5
17.Qc1xg5 Ne7g6
18.Nf3h2 Re8e5
19.Qg5d2 Ng6h4
20.f3 h6
21.Be2f1 Re5g5
22.Qd2f2 Nh4f5
23.Ra1d1 Nf5e3
24.Rd1d2 Bb7c8
25.Kh1 Bc8b7
26.Nh2g4 Ne3xf1
27.Qf2xf1 Ra8f8
28.Rd2e2 Bb7a6
29.Re2e8 Rf8xe8
30.Re1xe8 Kh7
31.Qf1e2 Ba6b5
32.Re8e7 Qc7f4
33.Qe2e4 Qf4xe4
34.fxe4 f6
35.Ng4xf6 Kg6
36.Nf6d5 Bb5a4
37.b3 Ba4xb3
38.cxb3 Rg5g3
39.Re7xa7 Kh7
40.Nd5f4 Rg3e3
41.Ra7b7 Re3e1
42.Kh2 Re1f1
43.Kg3 Rf1a1
44.a4 Ra1b1
45.Rb7xb6 { resign }
1-0

[Event "Tourn. n8187"]
[Site "www.chess-mail.com"]
[Date "2015.07.20"]
[Round "1"]
[White "Azulmarino"]
[Black "Anja"]
[WhiteElo "1570"]
[BlackElo "1650"]
[Result "1-0"]
[Round "1"]
1.e4 Ng8f6
2.Nb1c3 d5
3.d4 dxe4
4.Bf1c4 Bc8f5
5.Bc1f4 c6
6.f3 e6
7.Bf4g5 Bf8e7
8.fxe4 Nf6xe4
9.Bg5xe7 Qd8xe7
10.Ng1e2 Nb8d7
11.Ne2f4 Qe7h4
12.g3 Ne4xg3
13.Rh1g1 Ng3e4
14.Rg1g3 Ne4xg3
15.hxg3 Qh4xg3
16.Kf1 Qg3xf4
17.Ke1 Qf4e3
18.Nc3e2 O-O-O
19.Bc4d3 Bf5xd3
20.Qd1xd3 Qe3xd3
21.cxd3 h5
22.Kd2 h4
23.Ra1h1 g5
24.Rh1f1 f5
25.Ne2c3 g4
26.Nc3e2 g3
27.Ne2f4 Nd7f8
28.Ke2 Rd8xd4
29.Kd2  { time }
1-0

[Event "Tourn. n8187"]
[Site "www.chess-mail.com"]
[Date "2015.07.20"]
[Round "1"]
[White "Maxlou"]
[Black "Azulmarino"]
[WhiteElo "1670"]
[BlackElo "1570"]
[Result "0-1"]
[Round "1"]
1.d4 d5
2.Ng1f3 e6
3.Bc1f4 Bf8d6
4.e3 Bc8d7
5.Nb1c3 Ng8f6
6.Bf1d3 Nb8c6
7.Nf3e5 Nc6xe5
8.dxe5 Bd6xe5
9.Bf4xe5 a6
10.Qd1f3 O-O
11.O-O Bd7c6
12.Qf3g3 g6
13.Be5xc7 Qd8d7
14.Bc7e5 Nf6h5
15.Qg3h4 Ra8c8
16.g4 f6
17.Be5d4 Nh5g7
18.Bd4xf6 Rf8f7
19.Ra1d1 Rc8f8
20.Bf6xg7 Rf7xg7
21.f4 d4
22.Bd3c4 b5
23.Rd1xd4 Qd7b7
24.Bc4xe6 Kh8
 { time }
0-1

[Event "Tourn. n8191"]
[Site "www.chess-mail.com"]
[Date "2015.07.20"]
[Round "1"]
[White "Anja"]
[Black "Truquine"]
[WhiteElo "1670"]
[BlackElo "1760"]
[Result "0-1"]
[Round "1"]
1.d4 Ng8f6
2.Ng1f3 g6
3.Bc1f4 d6
4.c4 Bf8g7
5.Nb1c3 O-O
6.e4 Nf6h5
7.Bf4e3 e5
8.d5 f5
9.Bf1d3 Nh5f6
10.O-O f4
11.Be3d2 h5
12.Nf3h4 g5
13.Nh4f3 g4
14.Nf3h4 Nf6xe4
15.Nh4g6 Ne4xc3
16.Bd2xc3 Rf8f7
17.g3 Qd8g5
18.Qd1d2 Bc8f5
19.Ng6h4 Bf5xd3
20.Qd2xd3 Nb8d7
21.Qd3g6 Qg5xg6
22.Nh4xg6 Nd7f8
23.Rf1e1 Nf8xg6
24.Re1e4 Ra8f8
25.Ra1e1 h4
26.Re1e2 Kh7
27.a4 h3
28.b4 c6
29.b5 cxd5
30.cxd5 Rf7c7
31.Bc3b4 Rc7c1
32.Re2e1 Rf8c8
33.Bb4xd6 Rc1xe1
34.Re4xe1 Rc8d8
35.Bd6c5 b6
 { time }
0-1

[Event "Tourn. n8191"]
[Site "www.chess-mail.com"]
[Date "2015.07.20"]
[Round "1"]
[White "Grimsby"]
[Black "Anja"]
[WhiteElo "1700"]
[BlackElo "1670"]
[Result "0-1"]
[Round "1"]
1.c4 e5
2.Nb1c3 Nb8c6
3.g3 g6
4.Bf1g2 Bf8g7
5.d3 d6
6.Ng1f3 f5
7.Bc1g5 Ng8f6
8.O-O O-O
9.a3 a5
10.Nc3d5 Bc8e6
11.Nd5xf6 Bg7xf6
12.Bg5xf6 Qd8xf6
13.Qd1d2 d5
14.cxd5 Be6xd5
15.Ra1c1 Bd5xf3
16.Bg2xf3 Nc6d4
17.Bf3d5 Nd4e6
18.Rc1xc7 Ra8b8
19.Qd2xa5 Kh8
 { time }
0-1

[Event "Tourn. n8088"]
[Site "www.chess-mail.com"]
[Date "2015.07.20"]
[Round "1"]
[White "Falcoale"]
[Black "Sorren"]
[WhiteElo "1830"]
[BlackElo "1840"]
[Result "1-0"]
[Round "1"]
1.e4 e5
2.Ng1f3 Nb8c6
3.Bf1b5 a6
4.Bb5a4 Ng8f6
5.d3 d6
6.O-O Bf8e7
7.d4 exd4
8.Rf1e1 O-O
9.Nf3xd4 Bc8d7
10.Nd4xc6 bxc6
11.Ba4b3 Rf8e8
12.Nb1c3 Be7f8
13.Bc1g5 h6
14.Bg5h4 Bf8e7
15.f3 c5
16.Nc3d5 Nf6xd5
17.Bh4xe7 Nd5xe7
18.Qd1d2 Ne7c6
19.c3 a5
20.Qd2f4 Bd7e6
21.Ra1d1 Be6xb3
22.axb3 Qd8e7
23.Rd1d5 Nc6e5
24.Qf4d2 Re8d8
25.f4 c6
26.Rd5xe5  { time }
1-0

[Event "Tourn. n8222"]
[Site "www.chess-mail.com"]
[Date "2015.07.20"]
[Round "1"]
[White "Zazi"]
[Black "Cyrilgeorge"]
[WhiteElo "1610"]
[BlackElo "1760"]
[Result "1-0"]
[Round "1"]
1.e4 e5
2.Qd1f3 f6
3.Bf1c4 Ng8e7
4.g4 b6
5.d4 d6
6.dxe5 dxe5
7.Ng1h3 h6
8.O-O Nb8c6
9.Nb1c3 Bc8b7
10.Bc1e3 Nc6d4
11.Be3xd4 exd4
12.Nc3d5 Bb7xd5
13.exd5 Qd8d6
14.Rf1e1 O-O-O
15.Nh3f4 Rd8e8
16.Nf4g6 Rh8g8
17.Re1e6 Qd6d8
18.Bc4b5 c6
19.dxc6 Kc7
20.Qf3f4 Kc8
21.Bb5a6 
1-0